[Event "St Petersburg Amir Cup Rapid"]
[Site "St Petersburg"]
[Date "2021.05.22"]
[Round "8"]
[White "Makhmudov, Riyad"]
[Black "Andreev, Konstantin"]
[Result "0-1"]
[WhiteElo "1699"]
[BlackElo "2238"]
[PlyCount "52"]
[EventDate "2021.05.22"]
[EventType "swiss (rapid)"]
[EventRounds "9"]
[EventCountry "RUS"]
[SourceTitle "CBM 202 Extra"]
[Source "ChessBase"]
[SourceDate "2021.07.31"]
[SourceVersion "1"]
[SourceVersionDate "2021.07.31"]
[SourceQuality "1"]

1. Nf3 d6 2. c4 e5 3. Nc3 g6 4. g3 Bg7 5. Bg2 f5 6. d3 Nf6 7. 0-0 0-0 8. Rb1 c6 9. Bd2 Qe7 10. b4 a6 11. a4 Kh8 12. b5 axb5 13. axb5 d5 14. bxc6 bxc6 15. cxd5 cxd5 16. e4 fxe4 17. dxe4 dxe4 18. Ng5 Bg4 19. Qc2 Nc6 20. Ngxe4 Nd4 21. Qb2 Rad8 22. Be3 Nxe4 23. Nxe4 Nf3+ 24. Kh1 Rf5 25. Qb4 Rh5 26. h4 Qe6 0-1